[Event "XI GRAN TORNEO INTERNACIONAL AFICIONADOS"]
[Site "Benidorm (Alicante - SPAIN)"]
[Date "2012.12.06"]
[Round "7"]
[White "Jimenez Martinez, Jose Vicente"]
[Black "Burriel, Carlos"]
[Result "1-0"]
[WhiteElo "2233"]
[BlackElo "2159"]
[PlyCount "52"]
[EventDate "2012.11.30"]
[EventRounds "10"]
[EventCountry "ESP"]

1. d4 Nf6 2. c4 c5 3. d5 e6 4. Nc3 exd5 5. cxd5 d6 6. e4 g6 7. f4 Bg7 8. Bb5+
Nfd7 9. a4 Na6 10. Nf3 Nb4 11. O-O O-O 12. Re1 a6 13. Bf1 Re8 14. h3 f5 15.
exf5 Rxe1 16. Qxe1 Nc2 17. Qe6+ Kh8 18. Ng5 Ne5 19. fxe5 Bxe6 20. dxe6 Qa5 21.
Nf7+ Kg8 22. f6 Qb4 23. Nh6+ Bxh6 24. Bxh6 Nxa1 25. f7+ Kh8 26. e7 Nc2 1-0

[Event "XI GRAN TORNEO INTERNACIONAL AFICIONADOS"]
[Site "Benidorm (Alicante - SPAIN)"]
[Date "2012.12.06"]
[Round "7"]
[White "Mingarro Carceller, Sergi"]
[Black "Sokalsky, Alexander"]
[Result "1-0"]
[WhiteElo "2189"]
[BlackElo "2230"]
[PlyCount "92"]
[EventDate "2012.11.30"]
[EventRounds "10"]
[EventCountry "ESP"]

1. e4 c5 2. Nf3 e6 3. d3 Nc6 4. g3 d6 5. Bg2 e5 6. O-O Be7 7. c3 Bf6 8. Be3
Nge7 9. d4 b6 10. Na3 O-O 11. Qd2 Ba6 12. Rfd1 Rc8 13. h4 Qc7 14. Rac1 Na5 15.
Nh2 Kh8 16. b3 Qb8 17. Ng4 Ng8 18. f4 cxd4 19. cxd4 exd4 20. Bxd4 Bxd4+ 21.
Qxd4 Be2 22. Ne3 Bxd1 23. Rxd1 Nc6 24. Qd2 Nf6 25. Nac4 Ne8 26. Nf5 Rd8 27. h5
h6 28. Qb2 f6 29. Nh4 Kg8 30. Ne3 Ne7 31. Bh3 Qb7 32. Be6+ Kh8 33. Nef5 Kh7 34.
Qc2 g6 35. Nxe7 Qxe7 36. Nxg6 Qc7 37. Qd3 Qc5+ 38. Kg2 Ng7 39. Nxf8+ Rxf8 40.
Bg4 f5 41. exf5 Rf6 42. Bf3 Kh8 43. g4 Qb4 44. Qd4 Kg8 45. Be4 Kf8 46. g5 Nxf5
1-0

[Event "XI GRAN TORNEO INTERNACIONAL AFICIONADOS"]
[Site "Benidorm (Alicante - SPAIN)"]
[Date "2012.12.06"]
[Round "7"]
[White "Sos Andreu, Eric"]
[Black "Bas Mas, Jose Joaquin"]
[Result "0-1"]
[WhiteElo "2144"]
[BlackElo "2218"]
[PlyCount "78"]
[EventDate "2012.11.30"]
[EventRounds "10"]
[EventCountry "ESP"]

1. d4 Nf6 2. c4 c5 3. d5 b5 4. cxb5 a6 5. bxa6 d6 6. Nc3 Bxa6 7. g3 g6 8. Bg2
Bg7 9. Nf3 Nbd7 10. Rb1 O-O 11. O-O Qa5 12. Bd2 Nb6 13. b3 Qa3 14. Ne1 Bb7 15.
Nc2 Qa7 16. Be1 Rac8 17. Ne3 Qa8 18. a4 Ba6 19. a5 Nbd7 20. Na4 Rb8 21. Nc4 Bb5
22. Bc3 Qa6 23. Nab2 Ng4 24. Bxg7 Kxg7 25. f4 Bxc4 26. Nxc4 Rb4 27. h3 Ngf6 28.
e4 Rfb8 29. Re1 Qb5 30. e5 Ne8 31. Bf1 Qb7 32. exd6 Nxd6 33. Rxe7 Nxc4 34. bxc4
Rxb1 35. Qg4 Qb2 36. Qxd7 Qd4+ 37. Kg2 R8b2+ 38. Be2 Qg1+ 39. Kf3 Rb3+ 0-1

[Event "XI GRAN TORNEO INTERNACIONAL AFICIONADOS"]
[Site "Benidorm (Alicante - SPAIN)"]
[Date "2012.12.06"]
[Round "7"]
[White "Lloret Ramis, Juan Jose"]
[Black "Lorente Penalba, Diego"]
[Result "0-1"]
[WhiteElo "2285"]
[BlackElo "2148"]
[PlyCount "76"]
[EventDate "2012.11.30"]
[EventRounds "10"]
[EventCountry "ESP"]

1. d4 d6 2. c4 e5 3. Nf3 e4 4. Ng5 f5 5. Nc3 Be7 6. Nh3 Nf6 7. e3 O-O 8. Nf4 c6
9. h4 Na6 10. Be2 Nc7 11. h5 Ne6 12. h6 Nxf4 13. exf4 g6 14. d5 cxd5 15. cxd5
Bd7 16. Be3 Ne8 17. Qb3 Bf6 18. O-O-O b5 19. g4 fxg4 20. Nxe4 Rc8+ 21. Kb1 Bf5
22. Bd3 Bh8 23. Ng5 Qf6 24. Bd4 Bxd3+ 25. Rxd3 Qxf4 26. Bxh8 Qxg5 27. Bd4 a6
28. a3 Nf6 29. Be3 Qf5 30. Ka1 Ne4 31. Rd4 Qf3 32. Rh2 Nc5 33. Qc3 Ne6 34. Qd2
Nxd4 35. Qxd4 Qf7 36. Qxg4 Qxd5 37. Rh4 Rc4 38. Bd4 Rc1# 0-1

[Event "XI GRAN TORNEO INTERNACIONAL AFICIONADOS"]
[Site "Benidorm (Alicante - SPAIN)"]
[Date "2012.12.06"]
[Round "7"]
[White "Voiteanu, Gabriel"]
[Black "Pena Riasco, Alexander"]
[Result "1-0"]
[WhiteElo "2281"]
[BlackElo "2176"]
[PlyCount "65"]
[EventDate "2012.11.30"]
[EventRounds "10"]
[EventCountry "ESP"]

1. d4 d5 2. c4 c6 3. Nf3 Nf6 4. e3 Bf5 5. Nc3 e6 6. Qb3 Qc7 7. Bd2 Nbd7 8. Rc1
Nb6 9. Ne5 Be7 10. Be2 O-O 11. O-O dxc4 12. Nxc4 Nxc4 13. Qxc4 Bd6 14. g3 Ne4
15. Nxe4 Bxe4 16. b4 Qe7 17. a3 Qg5 18. Bd3 Bf3 19. Rfe1 e5 20. dxe5 Bxe5 21.
Be2 Qh5 22. Bxf3 Qxf3 23. Qe2 Qxe2 24. Rxe2 Rfd8 25. Bc3 Bxc3 26. Rxc3 Rd1+ 27.
Kg2 Rad8 28. e4 Kf8 29. Kf3 Ke7 30. Ke3 Ke6 31. f4 h5 32. Rb2 Re1+ 33. Kf3 {
(ilegible)} 1-0

[Event "XI GRAN TORNEO INTERNACIONAL AFICIONADOS"]
[Site "Benidorm (Alicante - SPAIN)"]
[Date "2012.12.06"]
[Round "7"]
[White "Arata, Roberto Mario"]
[Black "Pavon Cardenas, Jesus M"]
[Result "0-1"]
[WhiteElo "2205"]
[BlackElo "2274"]
[PlyCount "92"]
[EventDate "2012.11.30"]
[EventRounds "10"]
[EventCountry "ESP"]

1. d4 d5 2. c4 c6 3. Nc3 Nf6 4. Nf3 e6 5. Qb3 dxc4 6. Qxc4 b5 7. Qd3 Bb7 8. e4
Nbd7 9. e5 Nd5 10. Nxd5 exd5 11. Be2 a6 12. Ng5 Bb4+ 13. Kf1 Qe7 14. a3 Ba5 15.
b4 Bb6 16. e6 fxe6 17. Bh5+ g6 18. Bxg6+ hxg6 19. Qxg6+ Kd8 20. Nf7+ Kc8 21.
Bg5 Qf8 22. Qxe6 Rh7 23. Nd6+ Kc7 24. Nf5 Re8 25. Qg6 Rf7 26. Bf4+ Kd8 27. Qg5+
Nf6 28. Nd6 Rg7 29. Qh6 Ng4 30. Qh4+ Ree7 31. g3 Bxd4 32. Re1 Bf6 33. Rxe7 Bxh4
34. Nxb7+ Kxe7 35. Bd6+ Ke8 36. Bxf8 Rxb7 37. Bc5 Be7 38. Bxe7 Rxe7 39. h3 Ne5
40. Kg2 Nc4 41. h4 d4 42. Rd1 Rd7 43. Kf3 d3 44. h5 d2 45. Ke2 Re7+ 46. Kf1 Re5
0-1

[Event "XI GRAN TORNEO INTERNACIONAL AFICIONADOS"]
[Site "Benidorm (Alicante - SPAIN)"]
[Date "2012.12.06"]
[Round "7"]
[White "Martin Duque, Jesus"]
[Black "Jordan Martinez, Miguel"]
[Result "1-0"]
[WhiteElo "2251"]
[BlackElo "2147"]
[PlyCount "81"]
[EventDate "2012.11.30"]
[EventRounds "10"]
[EventCountry "ESP"]

1. e4 e6 2. d4 d5 3. Nd2 Nf6 4. e5 Nfd7 5. Bd3 c5 6. c3 Nc6 7. Ne2 cxd4 8. cxd4
f6 9. exf6 Nxf6 10. Nf3 Bd6 11. O-O Qc7 12. Bg5 O-O 13. Bh4 g6 14. Bg3 Nh5 15.
Bxd6 Qxd6 16. Ng3 Nf4 17. Re1 Nxd3 18. Qxd3 Bd7 19. Ne5 Nxe5 20. Rxe5 Rac8 21.
Rae1 Rf6 22. Qe3 Rc2 23. Re2 Rc4 24. b3 Rc8 25. h4 Qc7 26. h5 Qc1+ 27. Re1 Qxe3
28. R5xe3 Rc2 29. R3e2 Rc3 30. hxg6 hxg6 31. Rd2 Bb5 32. f3 g5 33. Nh1 Bd3 34.
Nf2 Bf5 35. Re5 Kf7 36. g4 Rc1+ 37. Kg2 Rc2 38. Rxc2 Bxc2 39. Nh3 b5 40. Nxg5+
Ke7 41. b4 1-0

[Event "XI GRAN TORNEO INTERNACIONAL AFICIONADOS"]
[Site "Benidorm (Alicante - SPAIN)"]
[Date "2012.12.06"]
[Round "7"]
[White "Cantero, Antonio"]
[Black "Carrasco Sagredo, Manuel"]
[Result "1-0"]
[WhiteElo "2251"]
[BlackElo "2133"]
[PlyCount "65"]
[EventDate "2012.11.30"]
[EventRounds "10"]
[EventCountry "ESP"]

1. e4 c5 2. Nf3 Nc6 3. d4 cxd4 4. Nxd4 Nf6 5. Nc3 d6 6. Nxc6 bxc6 7. Bd3 e6 8.
Qe2 Qc7 9. O-O a6 10. b3 Bb7 11. Bb2 Be7 12. f4 Nd7 13. Kh1 Nc5 14. e5 Nxd3 15.
cxd3 c5 16. Rac1 d5 17. Na4 Rc8 18. Nxc5 Bxc5 19. d4 Qa5 20. dxc5 d4 21. Bxd4
O-O 22. f5 Rcd8 23. Bc3 Qxc5 24. f6 Qd5 25. Bb4 Rfe8 26. fxg7 Qe4 27. Qf2 Rd7
28. Rcd1 Red8 29. Bd6 Kxg7 30. Qf6+ Kg8 31. Rf3 Rxd6 32. Qxf7+ Kh8 33. Qf6+ 1-0

[Event "XI GRAN TORNEO INTERNACIONAL AFICIONADOS"]
[Site "Benidorm (Alicante - SPAIN)"]
[Date "2012.12.06"]
[Round "7"]
[White "Sadilek, Peter"]
[Black "Gonzalez Aguirre, Luis"]
[Result "1/2-1/2"]
[WhiteElo "2248"]
[BlackElo "2110"]
[PlyCount "62"]
[EventDate "2012.11.30"]
[EventRounds "10"]
[EventCountry "ESP"]

1. d4 Nf6 2. c4 e6 3. Nf3 d5 4. Nc3 Bb4 5. cxd5 exd5 6. Bg5 Nbd7 7. e3 c5 8.
Be2 Qa5 9. O-O O-O 10. Nd2 Bxc3 11. bxc3 Re8 12. Qc2 cxd4 13. cxd4 Ne4 14. Nxe4
dxe4 15. Bh4 Nf6 16. Bxf6 gxf6 17. Rfc1 Bd7 18. Qb2 Rac8 19. Rxc8 Bxc8 20. Bb5
Qb6 21. Rb1 Rd8 22. Qc2 Qa5 23. Bc4 a6 24. Qxe4 Bf5 25. Qxb7 Bg6 26. Qe7 Rc8
27. Rb7 Qe1+ 28. Bf1 Kg7 29. h4 Rc2 30. Rb8 Qxf2+ 31. Kh2 Qxh4+ 1/2-1/2

[Event "XI GRAN TORNEO INTERNACIONAL AFICIONADOS"]
[Site "Benidorm (Alicante - SPAIN)"]
[Date "2012.12.06"]
[Round "7"]
[White "Cruz Lledo, Pablo"]
[Black "Tocco, Paolo"]
[Result "1-0"]
[WhiteElo "2281"]
[BlackElo "2152"]
[PlyCount "83"]
[EventDate "2012.11.30"]
[EventRounds "10"]
[EventCountry "ESP"]

1. d4 f5 2. Nc3 d5 3. Bf4 Nf6 4. e3 e6 5. Bd3 Bb4 6. Nge2 O-O 7. f3 c5 8. dxc5
Nc6 9. Bd6 Rf7 10. a3 Bxc3+ 11. Nxc3 Ne8 12. Bg3 b6 13. Bb5 Bb7 14. Bxc6 Bxc6
15. Qd4 bxc5 16. Qxc5 Rc8 17. O-O-O Rb7 18. e4 fxe4 19. fxe4 Qg5+ 20. Kb1 Bd7
21. Qd4 Qe7 22. Ka1 dxe4 23. Qxe4 Bc6 24. Qe5 Bxg2 25. Rhg1 Bh3 26. Rd2 Bf5 27.
Rgd1 Nf6 28. Bh4 Ng4 29. Qe1 g5 30. Bg3 h5 31. Bd6 Qg7 32. Bb4 Nf6 33. Rd8+
Rxd8 34. Rxd8+ Kh7 35. Qe2 Qc7 36. Rd2 Kg6 37. Nb5 Qb6 38. Nd6 Rb8 39. Nxf5
exf5 40. Rd6 Qg1+ 41. Ka2 Rb6 42. Qe8+ 1-0

[Event "XI GRAN TORNEO INTERNACIONAL AFICIONADOS"]
[Site "Benidorm (Alicante - SPAIN)"]
[Date "2012.12.06"]
[Round "7"]
[White "Fuertes Romo, Jose Manuel"]
[Black "Diaz Velandia, Jose Manuel"]
[Result "0-1"]
[WhiteElo "2033"]
[BlackElo "2261"]
[PlyCount "75"]
[EventDate "2012.11.30"]
[EventRounds "10"]
[EventCountry "ESP"]

1. d4 d5 2. c4 e6 3. Nc3 Nf6 4. cxd5 exd5 5. Bg5 Nbd7 6. e3 c6 7. Bd3 Qb6 8.
Qc2 Bd6 9. Nge2 h6 10. Bh4 Nh5 11. g4 Nhf6 12. f3 Qc7 13. O-O-O Nb6 14. Bxf6
gxf6 15. e4 Be6 16. Rhe1 Bxh2 17. exd5 Nxd5 18. Bf5 Ne3 19. Qe4 Nxd1 20. Rxd1
Bd6 21. Bxe6 fxe6 22. Qxe6+ Qe7 23. Qf5 Kd8 24. d5 Kc7 25. Nd4 Qe5 26. Ne6+ Kb8
27. Ne4 cxd5 28. Rxd5 Rc8+ 29. Kb1 Qh2 30. Nc3 Be5 31. Rd7 Qg1+ 32. Kc2 Qf2+
33. Kb1 Qe1+ 34. Kc2 Qe2+ 35. Kb1 Bxc3 36. Rxb7+ Kxb7 37. Qd5+ Kb6 38. Qb3+ 0-1

[Event "XI GRAN TORNEO INTERNACIONAL AFICIONADOS"]
[Site "Benidorm (Alicante - SPAIN)"]
[Date "2012.12.06"]
[Round "7"]
[White "Serna Lara, Sergio"]
[Black "Jensen, Stein"]
[Result "1-0"]
[WhiteElo "2230"]
[BlackElo "2114"]
[PlyCount "47"]
[EventDate "2012.11.30"]
[EventRounds "10"]
[EventCountry "ESP"]

1. d4 Nf6 2. c4 e6 3. Nc3 d5 4. cxd5 exd5 5. Bg5 Be7 6. e3 O-O 7. Qc2 a5 8. Bd3
h6 9. Bh4 c6 10. Nf3 Na6 11. a3 Nc7 12. O-O Nce8 13. Ne5 Nd6 14. f4 Bd7 15. Na4
Be8 16. Bxf6 Bxf6 17. b4 Qc7 18. h3 b5 19. Nc5 axb4 20. axb4 Rxa1 21. Rxa1 Nc4
22. Bxc4 bxc4 23. Ra6 Qc8 24. Ra7 {irreproducible} 1-0

[Event "XI GRAN TORNEO INTERNACIONAL AFICIONADOS"]
[Site "Benidorm (Alicante - SPAIN)"]
[Date "2012.12.06"]
[Round "7"]
[White "Bendayan Claros, Aaron"]
[Black "Suarez Roa, Jose Francisco"]
[Result "1-0"]
[WhiteElo "2223"]
[BlackElo "2141"]
[PlyCount "67"]
[EventDate "2012.11.30"]
[EventRounds "10"]
[EventCountry "ESP"]

1. d4 e6 2. c4 f5 3. Nc3 Nf6 4. Nf3 Be7 5. g3 O-O 6. Bg2 d6 7. O-O Ne4 8. Qc2
Nxc3 9. bxc3 Nc6 10. a4 e5 11. Ba3 Qe8 12. d5 Na5 13. c5 Nc4 14. cxd6 cxd6 15.
Nd2 Nxd2 16. Qxd2 Bd7 17. c4 Bxa4 18. c5 Rf6 19. cxd6 Bf8 20. Qb2 b5 21. d7
Qxd7 22. Bxf8 Kxf8 23. Qxe5 Qd6 24. Qb2 Rc8 25. Rfc1 Rxc1+ 26. Rxc1 Qd7 27. Qe5
Rd6 28. h4 Bb3 29. Rc6 Rxc6 30. dxc6 Qc8 31. Qd6+ Kf7 32. Qa3 Be6 33. Qxa7+ Kf6
34. Qb6 1-0

[Event "XI GRAN TORNEO INTERNACIONAL AFICIONADOS"]
[Site "Benidorm (Alicante - SPAIN)"]
[Date "2012.12.06"]
[Round "7"]
[White "Plaza Agudo, Juan Francisco"]
[Black "Picazo Lopez, Juan Antonio"]
[Result "1/2-1/2"]
[WhiteElo "2003"]
[BlackElo "2191"]
[PlyCount "73"]
[EventDate "2012.11.30"]
[EventRounds "10"]
[EventCountry "ESP"]

1. Nf3 d5 2. b3 c5 3. Bb2 Nc6 4. e3 Nf6 5. Bb5 Bd7 6. O-O e6 7. Bxc6 Bxc6 8.
Ne5 Rc8 9. a4 Bd6 10. f4 O-O 11. d3 b6 12. Nxc6 Rxc6 13. Nd2 Qe7 14. e4 dxe4
15. dxe4 Bb8 16. Qe2 Rd8 17. Nc4 Rcc8 18. Rae1 Nd7 19. Qf3 Qh4 20. g3 Qh3 21.
Re2 h5 22. e5 Nf8 23. Ne3 Ng6 24. Qe4 Ne7 25. Qg2 Qxg2+ 26. Kxg2 g6 27. h3 a6
28. g4 hxg4 29. hxg4 b5 30. axb5 axb5 31. f5 exf5 32. gxf5 Nxf5 33. Nxf5 gxf5
34. Rxf5 Rc6 35. Ref2 Rd7 36. e6 Rxe6 37. Bf6 1/2-1/2

[Event "XI GRAN TORNEO INTERNACIONAL AFICIONADOS"]
[Site "Benidorm (Alicante - SPAIN)"]
[Date "2012.12.06"]
[Round "7"]
[White "De La Cruz Sanchez, Carlos G"]
[Black "Johansen, Stian"]
[Result "1-0"]
[WhiteElo "2288"]
[BlackElo "2018"]
[PlyCount "51"]
[EventDate "2012.11.30"]
[EventRounds "10"]
[EventCountry "ESP"]

1. d4 g6 2. Nf3 Bg7 3. c4 c5 4. d5 d6 5. e4 Bg4 6. Be2 Bxf3 7. Bxf3 Nd7 8. O-O
Qc7 9. Qc2 h6 10. Nc3 a6 11. Be2 g5 12. Nd1 Bd4 13. Ne3 Bxe3 14. Bxe3 Ngf6 15.
a3 Ne5 16. b4 O-O-O 17. Rfb1 Rdg8 18. Rb3 g4 19. Kh1 Nfd7 20. Rf1 b6 21. a4 Rg5
22. a5 Rh5 23. axb6 Nxb6 24. bxc5 dxc5 25. Rxb6 Rxh2+ 26. Kg1 1-0

[Event "XI GRAN TORNEO INTERNACIONAL AFICIONADOS"]
[Site "Benidorm (Alicante - SPAIN)"]
[Date "2012.12.06"]
[Round "7"]
[White "Sesma Rubio, Patxi"]
[Black "Benitez Fernandez, Martin Jesu"]
[Result "1-0"]
[WhiteElo "2140"]
[BlackElo "2026"]
[PlyCount "50"]
[EventDate "2012.11.30"]
[EventRounds "10"]
[EventCountry "ESP"]

1. c4 b6 2. Nc3 e6 3. Nf3 Bb7 4. e4 c5 5. d3 g6 6. Bg5 f6 7. Bh4 Nc6 8. Be2 Nh6
9. Qd2 Nf7 10. O-O Nd4 11. Bd1 Nxf3+ 12. Bxf3 e5 13. Bd1 g5 14. Bg3 Bd6 15. Bh5
Qe7 16. Nd1 O-O-O 17. Bxf7 Qxf7 18. Ne3 Rhg8 19. Ng4 Bf8 20. a3 Kb8 21. b4 d6
22. bxc5 dxc5 23. Rfb1 h5 24. f3 Bc8 25. Ne3 Be6 {Irreproducible} 1-0

[Event "XI GRAN TORNEO INTERNACIONAL AFICIONADOS"]
[Site "Benidorm (Alicante - SPAIN)"]
[Date "2012.12.06"]
[Round "7"]
[White "Vilanova Corbi, Jorge"]
[Black "Rygg, Snorre"]
[Result "1-0"]
[WhiteElo "2115"]
[BlackElo "1823"]
[PlyCount "37"]
[EventDate "2012.11.30"]
[EventRounds "10"]
[EventCountry "ESP"]

1. d4 d5 2. c4 dxc4 3. e4 e5 4. Nf3 exd4 5. Bxc4 Nc6 6. Nbd2 Bc5 7. O-O Nge7 8.
Ng5 Ne5 9. Nxf7 Nxf7 10. Qh5 O-O 11. Qxc5 b6 12. Qh5 Ng6 13. Nf3 Ngh8 14. Bd5
Rb8 15. Nxd4 Bd7 16. Be3 c5 17. Nf3 g6 18. Qh6 Qf6 19. e5 1-0

[Event "XI GRAN TORNEO INTERNACIONAL AFICIONADOS"]
[Site "Benidorm (Alicante - SPAIN)"]
[Date "2012.12.06"]
[Round "7"]
[White "Nicolas Zapata, Javier"]
[Black "Sanchez, German Alexander"]
[Result "0-1"]
[WhiteElo "2027"]
[BlackElo "2103"]
[PlyCount "38"]
[EventDate "2012.11.30"]
[EventRounds "10"]
[EventCountry "ESP"]

1. d4 Nf6 2. Nc3 c5 3. d5 d6 4. e4 g6 5. Nf3 Bg7 6. Be2 O-O 7. h3 b5 8. e5 dxe5
9. Bxb5 Bb7 10. Bc4 Nbd7 11. d6 Nb6 12. dxe7 Qxe7 13. Be2 Rad8 14. Bd2 e4 15.
Ng1 e3 16. fxe3 Bxg2 17. Rh2 Bb7 18. a4 Bh6 19. Qc1 Rxd2 0-1

[Event "XI GRAN TORNEO INTERNACIONAL AFICIONADOS"]
[Site "Benidorm (Alicante - SPAIN)"]
[Date "2012.12.06"]
[Round "8"]
[White "Martin Rueda, Daniel"]
[Black "Ustianovich, Nazar"]
[Result "1/2-1/2"]
[WhiteElo "2290"]
[BlackElo "2264"]
[PlyCount "28"]
[EventDate "2012.11.30"]
[EventRounds "10"]
[EventCountry "ESP"]

1. d4 d5 2. Nf3 Nf6 3. c4 c6 4. Nc3 a6 5. a4 e6 6. Bf4 Bb4 7. Nd2 c5 8. dxc5
Bxc5 9. e3 Nc6 10. cxd5 exd5 11. Nb3 Ba7 12. Be2 d4 13. Nxd4 Bxd4 14. exd4 Qxd4
1/2-1/2

[Event "XI GRAN TORNEO INTERNACIONAL AFICIONADOS"]
[Site "Benidorm (Alicante - SPAIN)"]
[Date "2012.12.06"]
[Round "8"]
[White "Ivanov, Borislav"]
[Black "Tejedor Fuentes, Enrique"]
[Result "0-1"]
[WhiteElo "2201"]
[BlackElo "2297"]
[PlyCount "93"]
[EventDate "2012.11.30"]
[EventRounds "10"]
[EventCountry "ESP"]

1. d4 Nf6 2. c4 e6 3. g3 c5 4. d5 exd5 5. cxd5 d6 6. Nc3 g6 7. Nf3 Bg7 8. Bg2
O-O 9. O-O Re8 10. Nd2 Nbd7 11. a4 a6 12. h3 Qc7 13. Nc4 Rb8 14. Bf4 Bf8 15. a5
b5 16. axb6 Nxb6 17. Na5 Bd7 18. Qd2 Nh5 19. Bh6 Bxh6 20. Qxh6 f5 21. e4 Nf6
22. exf5 Bxf5 23. Nc6 Ra8 24. Qg5 Kg7 25. Rfe1 h6 26. Qf4 Bd3 27. b3 g5 28. Qd2
Bg6 29. Rxe8 Bxe8 30. Re1 Bxc6 31. dxc6 d5 32. Re6 Rd8 33. Qe2 Kf7 34. Bf3 d4
35. Bg4 dxc3 36. Qf3 Nbd5 37. Qf5 Kg7 38. Bd1 Qf7 39. Bc2 Re8 40. Rd6 a5 41.
Kg2 Re2 42. Kg1 Re1+ 43. Kg2 Re2 44. Kf1 Rxc2 45. Qxc2 Ne3+ 46. fxe3 Ne4+ 47.
Ke2 0-1

[Event "XI GRAN TORNEO INTERNACIONAL AFICIONADOS"]
[Site "Benidorm (Alicante - SPAIN)"]
[Date "2012.12.06"]
[Round "8"]
[White "Gallardo Fernandez, Cesar"]
[Black "Jimenez Martinez, Jose Vicente"]
[Result "1/2-1/2"]
[WhiteElo "2201"]
[BlackElo "2233"]
[PlyCount "61"]
[EventDate "2012.11.30"]
[EventRounds "10"]
[EventCountry "ESP"]

1. c4 g6 2. g3 Bg7 3. Bg2 e5 4. e3 Nf6 5. Nc3 O-O 6. Nge2 c6 7. d4 exd4 8. exd4
d5 9. cxd5 Nxd5 10. Nxd5 cxd5 11. O-O Nc6 12. Be3 Bg4 13. h3 Bxe2 14. Qxe2 Nxd4
15. Qd3 Qf6 16. Rad1 Nc6 17. Qxd5 Rad8 18. Qb5 Rxd1 19. Rxd1 Qxb2 20. Qxb2 Bxb2
21. Rb1 Bd4 22. Bxd4 Nxd4 23. Rxb7 a5 24. Ra7 Rc8 25. Rxa5 Rc1+ 26. Bf1 Nf3+
27. Kg2 Ne1+ 28. Kh1 Nf3 29. Kg2 Ne1+ 30. Kh1 Nf3 31. Kg2 1/2-1/2

[Event "XI GRAN TORNEO INTERNACIONAL AFICIONADOS"]
[Site "Benidorm (Alicante - SPAIN)"]
[Date "2012.12.06"]
[Round "8"]
[White "Bas Mas, Jose Joaquin"]
[Black "Mingarro Carceller, Sergi"]
[Result "1/2-1/2"]
[WhiteElo "2218"]
[BlackElo "2189"]
[PlyCount "40"]
[EventDate "2012.11.30"]
[EventRounds "10"]
[EventCountry "ESP"]

1. e4 e5 2. Nf3 Nc6 3. Bc4 Bc5 4. O-O Nf6 5. d4 Bxd4 6. Nxd4 Nxd4 7. f4 d6 8.
fxe5 dxe5 9. Bg5 Qe7 10. Na3 Bd7 11. c3 Ne6 12. Bxf6 gxf6 13. Qf3 Nf4 14. g3
Rg8 15. Kh1 Ne6 16. Qxf6 Qxf6 17. Rxf6 Rg6 18. Rf2 Ke7 19. Nc2 Rg4 20. Bd5 c6
1/2-1/2

[Event "XI GRAN TORNEO INTERNACIONAL AFICIONADOS"]
[Site "Benidorm (Alicante - SPAIN)"]
[Date "2012.12.06"]
[Round "8"]
[White "Lorente Penalba, Diego"]
[Black "Ballesteros Gonzalez, David"]
[Result "0-1"]
[WhiteElo "2148"]
[BlackElo "2215"]
[PlyCount "74"]
[EventDate "2012.11.30"]
[EventRounds "10"]
[EventCountry "ESP"]

1. e4 g6 2. d4 d6 3. Nc3 c6 4. Be3 d5 5. Nf3 Bg7 6. Bd3 Nf6 7. h3 dxe4 8. Nxe4
Nxe4 9. Bxe4 Qb6 10. Qc1 Nd7 11. c3 Nf6 12. Bc2 Nd5 13. O-O Nxe3 14. fxe3 O-O
15. Bb3 c5 16. Ng5 e6 17. d5 Bh6 18. h4 c4 19. Bxc4 Qc5 20. dxe6 Qxc4 21. e7
Re8 22. Nxf7 Qxh4 23. Qe1 Qxe1 24. Nxh6+ Kg7 25. Raxe1 Kxh6 26. Rf8 Be6 27.
Ref1 Bf5 28. Rf4 Kg7 29. g4 Be6 30. Re4 Bf7 31. Rxe8 Rxe8 32. g5 Bxa2 33. Ra4
Bd5 34. Rxa7 Rxe7 35. Kf2 Rf7+ 36. Ke1 Rf5 37. c4 Bc6 0-1

[Event "XI GRAN TORNEO INTERNACIONAL AFICIONADOS"]
[Site "Benidorm (Alicante - SPAIN)"]
[Date "2012.12.06"]
[Round "8"]
[White "Parligras, Cosmin"]
[Black "Goormachtigh, Johan"]
[Result "1-0"]
[WhiteElo "2298"]
[BlackElo "2187"]
[PlyCount "63"]
[EventDate "2012.11.30"]
[EventRounds "10"]
[EventCountry "ESP"]

1. Nf3 Nf6 2. c4 g6 3. g3 Bg7 4. Bg2 O-O 5. O-O d5 6. cxd5 Nxd5 7. d4 Nb6 8. e3
c5 9. dxc5 Qxd1 10. Rxd1 Na4 11. Nc3 Nxc3 12. bxc3 Bxc3 13. Rb1 Na6 14. Ba3 Bf6
15. Nd4 Rb8 16. c6 bxc6 17. Nxc6 Rxb1 18. Rxb1 Re8 19. Bb2 Bf5 20. e4 Bxb2 21.
exf5 Ba3 22. Rb7 Bc5 23. Bf1 Rc8 24. Nxe7+ Bxe7 25. Rxe7 Nb4 26. fxg6 hxg6 27.
Rxa7 Rc1 28. Kg2 Nc2 29. h4 Ne1+ 30. Kh3 Nf3 31. Bg2 Ng1+ 32. Kh2 1-0

[Event "XI GRAN TORNEO INTERNACIONAL AFICIONADOS"]
[Site "Benidorm (Alicante - SPAIN)"]
[Date "2012.12.06"]
[Round "8"]
[White "Villasenor Rubio, Emilio Jose"]
[Black "Voiteanu, Gabriel"]
[Result "1-0"]
[WhiteElo "2217"]
[BlackElo "2281"]
[PlyCount "141"]
[EventDate "2012.11.30"]
[EventRounds "10"]
[EventCountry "ESP"]

1. e4 d5 2. exd5 Qxd5 3. Nc3 Qa5 4. d4 c6 5. Bc4 Nf6 6. Nf3 Bf5 7. Bd2 Qc7 8.
Ne5 e6 9. Qe2 Nbd7 10. O-O-O Nxe5 11. dxe5 Nd7 12. g4 Bg6 13. f4 O-O-O 14. Rhf1
Nb6 15. Bb3 h6 16. f5 exf5 17. gxf5 Bh7 18. Qg4 h5 19. Qxh5 Qxe5 20. Qxf7 Bg8
21. Be6+ Kb8 22. Qg6 Bc5 23. Kb1 Bh7 24. Qg4 Ka8 25. Bf4 Rd4 26. Qg3 Qf6 27.
Be5 Rxd1+ 28. Rxd1 Qe7 29. Qxg7 Rf8 30. Qxe7 Bxe7 31. Bg7 Rxf5 32. Bxf5 Bxf5
33. Re1 Bd6 34. Re8+ Nc8 35. h4 Kb8 36. h5 Kc7 37. h6 Ne7 38. Rf8 Bg6 39. Rf1
Kd7 40. Ne2 Nf5 41. Nf4 Bxf4 42. Rxf4 Ke7 43. Rf2 Ke6 44. Kc1 Kf7 45. Kd2 Kg8
46. Kc3 Nxg7 47. hxg7 Kxg7 48. Kd4 Bf7 49. a4 Kf8 50. Re2 b6 51. b4 Bg8 52. c4
Bf7 53. c5 bxc5+ 54. Kxc5 Bb3 55. a5 Ba4 56. Kd6 Bb5 57. Re7 a6 58. Re5 Kf7 59.
Kc7 Bd3 60. Kxc6 Kf6 61. Re3 Bc4 62. Kb6 Kf7 63. Re5 Bd3 64. Rd5 Bc4 65. Rc5
Bd3 66. b5 axb5 67. a6 b4 68. a7 Be4 69. Rc6 b3 70. a8=Q b2 71. Rc7+ 1-0

[Event "XI GRAN TORNEO INTERNACIONAL AFICIONADOS"]
[Site "Benidorm (Alicante - SPAIN)"]
[Date "2012.12.06"]
[Round "8"]
[White "Pavon Cardenas, Jesus M"]
[Black "Suarez Uriel, Adrian"]
[Result "0-1"]
[WhiteElo "2274"]
[BlackElo "2241"]
[PlyCount "64"]
[EventDate "2012.11.30"]
[EventRounds "10"]
[EventCountry "ESP"]

1. e4 c5 2. Nc3 Nc6 3. g3 g6 4. Bg2 Bg7 5. d3 d6 6. Be3 e6 7. Nge2 Nd4 8. O-O
Ne7 9. Qd2 O-O 10. Nd1 Rb8 11. Nc1 b5 12. c3 Ndc6 13. Bh6 b4 14. Bxg7 Kxg7 15.
Ne3 f5 16. Ne2 Bb7 17. Rfd1 bxc3 18. bxc3 e5 19. d4 f4 20. gxf4 exf4 21. Nd5 g5
22. Nexf4 gxf4 23. Nxf4 Bc8 24. Nh5+ Kh8 25. Qh6 Rf7 26. dxc5 Qg8 27. cxd6 Bh3
28. Ng3 Bxg2 29. Kxg2 Ng6 30. Rg1 Nf4+ 31. Kh1 Qg4 32. h3 Qf3+ 0-1

[Event "XI GRAN TORNEO INTERNACIONAL AFICIONADOS"]
[Site "Benidorm (Alicante - SPAIN)"]
[Date "2012.12.06"]
[Round "8"]
[White "Santagati, Alessandro"]
[Black "Martin Duque, Jesus"]
[Result "1-0"]
[WhiteElo "2210"]
[BlackElo "2251"]
[PlyCount "56"]
[EventDate "2012.11.30"]
[EventRounds "10"]
[EventCountry "ESP"]

1. e4 e6 2. Qe2 Be7 3. Nf3 d5 4. d3 Nf6 5. g3 c5 6. Bg2 Nc6 7. O-O b6 8. Nbd2
Bb7 9. e5 Nd7 10. c4 d4 11. Re1 Qc7 12. Nf1 O-O-O 13. a3 h6 14. Bd2 g5 15. h3
Bf8 16. b4 Bg7 17. bxc5 Nxc5 18. Bb4 Ne7 19. a4 Nc6 20. Bxc5 bxc5 21. N1d2 Nb4
22. Nb3 a5 23. Reb1 Bf8 24. Nfd2 Bxg2 25. Kxg2 Be7 26. Kf1 Kd7 27. Ne4 Rb8 28.
Qf3 Rhf8 {Irreproducible} 1-0